000 00969cam a2200289 a 4500
001 12277534
003 OSt
005 20240618163258.0
008 010112s2002 nyua b 001 0 eng
010 _a 2001017605
_z 2001268648
020 _a0471320579
020 _a0471401943
040 _aMUST
_cMUST
_dDDC
082 0 0 _a530 HAL 2002
_220
100 1 _aHalliday, David,
_98105
245 1 0 _aPhysics.
250 _a5th ed. /
_bDavid Halliday, Robert Resnick, Kenneth S. Krane.
260 _aNew York :
_bWiley,
_c2002.
300 _a2 v. :
_bill. (some col.) ;
_c29 cm.
504 _aIncludes bibliographical references and indexes.
650 0 _aPhysics.
_9809
700 1 _aResnick, Robert,
_d1923-
_97976
700 1 _aKrane, Kenneth S.
_97381
856 4 2 _3Publisher description
_uhttp://www.loc.gov/catdir/description/wiley036/2001017605.html
856 4 _3Table of Contents
_uhttp://www.loc.gov/catdir/toc/onix07/2001017605.html
942 _2ddc
_cO_SHELF
999 _c8625
_d8625